000 00441nam a2200157 4500
005 20260522210711.0
020 _a9788119497133
082 _a658.15
_bPRE.F
084 _2Colon Classification
100 _aPreeti Sharma
_914995
245 _aFinancial Management:
_bPlanning and implementation
260 _aJaipur:
_bParadise Publishers;
_c2024.
300 _a104p.
650 _aUGC, NET,JRF,SET,Civil services
_914996
942 _2ddc
_cBK
999 _c759799
_d759799